Sports Quiz

Random Sports or Football Quiz

2010 Gold Glove Winners Quiz Stats

 Plays Quiz not verified by Sporcle

Score 0/18 Timer 02:00
0 Plays Today
Player % Correct
Joe Mauer
100%
Robinson Cano
98.5%
Derek Jeter
98.5%
Evan Longoria
98.5%
Ichiro Suzuki
98.5%
Carl Crawford
98.5%
Yadier Molina
96.9%
Albert Pujols
96.9%
Mark Teixeira
95.4%
Player % Correct
Troy Tulowitzki
95.4%
Mark Buehrle
93.8%
Scott Rolen
90.8%
Brandon Phillips
89.2%
Carlos Gonzalez
86.2%
Shane Victorino
86.2%
Bronson Arroyo
84.6%
Michael Bourn
81.5%
Franklin Gutierrez
63.1%

You're not logged in!

Compare scores with friends on all Sporcle quizzes.
OR
Log In

Sporcle TV

Today on Sporcle TV


Watch our educational content, quiz creation guides, and fun videos on Sporcle TV.

Show Comments

Extras

Top Quizzes Today


Score Distribution

Your Account Isn't Verified!

In order to create a playlist on Sporcle, you need to verify the email address you used during registration. Go to your Sporcle Settings to finish the process.

Report this User

Report this user for behavior that violates our Community Guidelines.

Details: